| 000 | 00722nam a2200193Ia 4500 | ||
|---|---|---|---|
| 003 | GCL | ||
| 008 | 140319s9999 xx 000 0 ara d | ||
| 040 |
_aGCL / _cGCL |
||
| 082 | 0 | 4 |
_aط _b011.008 _bأ ب |
| 100 | 1 | _aكاميليا عبدالفتاح | |
| 245 | 1 | 0 |
_aالببليوجرافيا الشاملة للطفولة فى ربع قرن حتى 1981 / _cكاميليا عبدالفتاح |
| 700 | 1 | _aابوالفتوح حامد عودة | |
| 260 |
_aالقاهرة : _bالهيئة المصرية العامة للكتاب ، _c1986 |
||
| 300 |
_a252 ص ؛ _c24 سم |
||
| 650 | 0 | 4 | _aالرسائل الجامعية |
| 650 | 0 | 4 | _aكتب الاطفال |
| 650 | 0 | 4 | _aالببليوجرافيات |
| 942 |
_2ddc _cBK |
||
| 999 |
_c59434 _d59434 |
||